| 000 | 00675nam a2200193Ia 4500 | ||
|---|---|---|---|
| 008 | 151121s9999||||xx |||||||||||||| ||und|| | ||
| 082 | _a920।9/खरे | ||
| 082 | _bHNW-45579 | ||
| 100 | _aखरे मोरो हरि | ||
| 245 | _aमोडक-कुल-वृत्तान्त | ||
| 260 | _b"खरे,प्रभात किरण प्रकाशन पुणे" | ||
| 260 | _c-- | ||
| 300 | _a491 | ||
| 600 | _aखरे मोरो हरि | ||
| 630 | _aमोडक-कुल-वृत्तान्त | ||
| 700 | _aखरे मोरो हरि | ||
| 730 | _aमोडक-कुल-वृत्तान्त | ||
| 942 | _cBOOK | ||
| 999 |
_c1232569 _d1232566 |
||